000 01525cam a22003133a 4500
005 20260322212004.0
007 data
008 data
010 _a 2013658206
020 _a9781599953137 (pbk.)
020 _a1599953137 (pbk.)
024 1 0 _a070993007997
040 _aON8
_cON8
_dDLC
_dBTCTA
_dZAC
_dBDX
_dCNAHP
_dDLC
042 _alccopycat
050 0 0 _aCPB Box no. 3716 vol. 7
099 _aDEKKET
100 1 _aDekker, Ted,
_d1962-
245 1 0 _aBlink of an eye /
_cTed Dekker & Copyright Paperback Collection (Library of Congress).
250 _a1st mass-market ed.
260 _aNew York :
_bCenter Street,
_c2011, c2007.
300 _a421 p. ;
_c18 cm.
490 0 _aCenter Street fiction
520 _aSeth Borders has one of the world's highest IQs. Now he's suddenly struck by an incredible power, the ability to see multiple potential futures. Then Seth stumbles upon Miriam, a beautiful Saudi Arabian princess who has fled her veiled existence to escape a forced marriage. Cultures collide as Seth and Miriam are thrown together and forced to run from forces determined to kidnap or kill Miriam. An intoxicating tale set amidst the shifting sands of the Middle East and the back roads of America, Blink engages issues as ancient as the earth itself, and as current as today's headlines.
650 0 _aMuslim women
_xSocial conditions
_vFiction.
650 0 _aPrecognition
_vFiction.
655 7 _aSuspense fiction.
_2gsafd
710 2 _aCopyright Paperback Collection (Library of Congress)
_5DLC
001 data
999 _c50
_d50